| 000 | 00779nam a22001937a 4500 | ||
|---|---|---|---|
| 999 |
_c2517 _d2517 |
||
| 003 | AR-CdUCM | ||
| 008 | 190304b ||||| |||| 00| 0 spa d | ||
| 040 |
_aMUNICIPALIDAD PROVINCIAL DEL CUSCO _cBIBLIOTECA MUNICIPAL DEL CUSCO |
||
| 082 |
_a330.951 / _bC539 |
||
| 110 |
_aRedacción de la colección China _98935 |
||
| 245 | _aEconomía / | ||
| 260 |
_aChina : _bEdiciones en lenguas extranjeras, _c1984 |
||
| 440 |
_aColección China _n33 _98936 |
||
| 505 | _aRehabilitación de la economía nacional -- Transformación socialista -- Construcción socialista -- Recursos minerales -- Industria transporte, comunicaciones y correos... | ||
| 650 |
_aComercio interior _98937 |
||
| 650 |
_aSistema administrativo _98938 |
||
| 650 |
_aExportar e importar _98939 |
||
| 942 |
_2ddc _cLIBROS |
||